Visualizzazione normale
Vista MARC
- Gluck J.
di Personal Name
Records bibliografici associati: 1
001 - CONTROL NUMBER
- control field: 26635
003 - CONTROL NUMBER IDENTIFIER
- control field: IT-RoPau
005 - DATE AND TIME OF LATEST TRANSACTION
- control field: 20140524153752.0
008 - FIXED-LENGTH DATA ELEMENTS
- fixed length control field: 140524|| aca||aabn | a|a d
040 ## - CATALOGING SOURCE
- Original cataloging agency: IT-RoPau
- Transcribing agency: IT-RoPau
100 ## - HEADING--PERSONAL NAME
- Personal name: Gluck J.
- Dates associated with a name: Codice autore musica SPICS: 30384
- Relator term: Autore musica
- Name of part/section of a work: Algo de ti en Dios habia
670 ## - SOURCE DATA FOUND
- Source citation: Work cat.: (IT-RoPau)99415: AA.VV. 794, Momentos de paz - 8